Karakuram ka taj mahal (Record no. 11498)

000 -LEADER
fixed length control field 00304nam a22001337a 4500
082 ## - DEWEY DECIMAL CLASSIFICATION NUMBER
Classification number Nimra Ahmad
100 ## - MAIN ENTRY--PERSONAL NAME
Personal name Nimra Ahmad
245 ## - TITLE STATEMENT
Title Karakuram ka taj mahal
260 ## - PUBLICATION, DISTRIBUTION, ETC.
Place of publication, distribution, etc. Lahore,
Name of publisher, distributor, etc. Harf e Taza Publisher
Date of publication, distribution, etc. 2010
300 ## - PHYSICAL DESCRIPTION
Extent 320p. :
650 ## - SUBJECT ADDED ENTRY--TOPICAL TERM
Topical term or geographic name entry element Urdu literature
700 ## - ADDED ENTRY--PERSONAL NAME
Personal name Nimra Ahmad
942 ## - ADDED ENTRY ELEMENTS (KOHA)
Koha item type Book
Holdings
Withdrawn status Lost status Damaged status Not for loan Collection code Permanent Location Current Location Shelving location Date acquired Source of acquisition Cost, normal purchase price Total Checkouts Total Renewals Full call number Barcode Date last seen Date last checked out Price effective from Koha item type
          Central Library (CL) Central Library (CL) General Stacks 01/07/2013 Allied Book Company 320.00 18 6 891.4393 Nim SEECS011850 02/13/2026 01/22/2026 01/10/2013 Book
© 2023 Central Library, National University of Sciences and Technology. All Rights Reserved.